Countries With Only One A - Statistics

General Stats
  • This quiz has been taken 130 times
    49 since last reset
  • The average score is 64 of 85
Answer Stats
Continent Country % Correct
Europe France
97%
Europe Italy
90%
South America Brazil
87%
Asia China
87%
Europe Iceland
87%
Asia Russia
87%
Europe Spain
87%
South America Colombia
84%
Europe Finland
84%
Europe Germany
84%
Asia India
84%
Asia Iran
84%
Asia Iraq
84%
Europe Ireland
84%
Asia North Korea
84%
Europe Poland
84%
Asia South Korea
84%
Asia Vietnam
84%
South America Bolivia
81%
Asia Indonesia
81%
Africa Kenya
81%
Europe Norway
81%
Africa South Sudan
81%
Africa Sudan
81%
Europe Switzerland
81%
Oceania Tonga
81%
South America Uruguay
81%
Africa Chad
77%
Africa Democratic Republic of the Congo
77%
Europe Denmark
77%
North America Dominica
77%
North America Dominican Republic
77%
Europe Estonia
77%
Europe Hungary
77%
Asia Israel
77%
Asia Oman
77%
Europe Portugal
77%
Europe Ukraine
77%
Africa Zimbabwe
77%
North America Haiti
74%
North America Honduras
74%
Asia Kuwait
74%
Africa Mali
74%
Europe Moldova
74%
Europe Monaco
74%
Europe Serbia
74%
Asia Syria
74%
Africa Tunisia
74%
South America Venezuela
74%
Asia Bhutan
71%
Africa Cameroon
71%
South America Ecuador
71%
Africa Eritrea
71%
Africa Gabon
71%
Asia Georgia
71%
Africa Guinea
71%
Asia Jordan
71%
Asia Laos
71%
Asia Lebanon
71%
Africa Libya
71%
Europe Netherlands
71%
Africa Nigeria
71%
Asia Singapore
71%
Europe Slovenia
71%
South America Suriname
71%
Oceania Tuvalu
71%
Asia Uzbekistan
71%
North America Cuba
68%
Africa Eswatini
68%
Africa Ethiopia
68%
Oceania Kiribati
68%
Asia Kyrgyzstan
68%
Asia Mongolia
68%
Africa Liberia
65%
Asia Maldives
65%
Africa Mozambique
65%
Asia Nepal
65%
Asia Turkmenistan
65%
Europe Belarus
61%
Oceania Nauru
61%
Oceania Solomon Islands
61%
Africa Cape Verde
58%
Africa Senegal
58%
Africa Mauritius
55%
Africa Sierra Leone
55%
No matching quizzes found
Score Distribution
Percent of People with Each Score
Percentile by Number Answered
Your Score History
You have not taken this quiz since the last reset